<?xml version="1.0" encoding="UTF-8"?>
<record
    xmlns:xsi="http://www.w3.org/2001/XMLSchema-instance"
    xsi:schemaLocation="http://www.loc.gov/MARC21/slim http://www.loc.gov/standards/marcxml/schema/MARC21slim.xsd"
    xmlns="http://www.loc.gov/MARC21/slim">

  <leader>00690nam a22002175i 4500</leader>
  <controlfield tag="001">C00086977c</controlfield>
  <controlfield tag="005">20241029152942.0</controlfield>
  <controlfield tag="008">240227s1891    be af         ||| | fre d</controlfield>
  <datafield tag="035" ind1=" " ind2=" ">
    <subfield code="a">DMBR990306365</subfield>
  </datafield>
  <datafield tag="035" ind1=" " ind2=" ">
    <subfield code="a">CCPB000300280-2</subfield>
  </datafield>
  <datafield tag="040" ind1=" " ind2=" ">
    <subfield code="a">CCPB-B </subfield>
    <subfield code="b">spa </subfield>
    <subfield code="c">CCPB-B </subfield>
    <subfield code="e">rdc</subfield>
  </datafield>
  <datafield tag="100" ind1="1" ind2=" ">
    <subfield code="a">Radoux, Jean Th&#xE9;odore (</subfield>
    <subfield code="d">1835-1911)</subfield>
    <subfield code="9">65716</subfield>
  </datafield>
  <datafield tag="245" ind1="1" ind2="0">
    <subfield code="a">Vieuxtemps. Sa vie, ses oeuvres / </subfield>
    <subfield code="c">J.-Th&#xE9;odore Radoux.</subfield>
  </datafield>
  <datafield tag="260" ind1=" " ind2=" ">
    <subfield code="a">Li&#xE8;ge : </subfield>
    <subfield code="b">Aug. B&#xE9;nard, </subfield>
    <subfield code="c">1891.</subfield>
  </datafield>
  <datafield tag="300" ind1=" " ind2=" ">
    <subfield code="a">[4], 166, [12] p. : </subfield>
    <subfield code="b">il. ; </subfield>
    <subfield code="c">23 cm.</subfield>
  </datafield>
  <datafield tag="600" ind1="1" ind2="4">
    <subfield code="a">Vieuxtemps, Henry (</subfield>
    <subfield code="d">1820-1881)-</subfield>
    <subfield code="v">Biograf&#xED;as.</subfield>
    <subfield code="9">110661</subfield>
  </datafield>
  <datafield tag="752" ind1=" " ind2=" ">
    <subfield code="a">B&#xE9;lgica - </subfield>
    <subfield code="d">Lieja</subfield>
  </datafield>
  <datafield tag="852" ind1="4" ind2=" ">
    <subfield code="a">M-RABA        </subfield>
    <subfield code="j">A-1959</subfield>
  </datafield>
  <datafield tag="952" ind1=" " ind2=" ">
    <subfield code="0">0</subfield>
    <subfield code="1">0</subfield>
    <subfield code="4">0</subfield>
    <subfield code="7">0</subfield>
    <subfield code="8">NOR</subfield>
    <subfield code="a">RABASF</subfield>
    <subfield code="b">RABASF</subfield>
    <subfield code="c">DP1</subfield>
    <subfield code="d">2024-02-27</subfield>
    <subfield code="l">0</subfield>
    <subfield code="o">A-1959</subfield>
    <subfield code="p">1093062</subfield>
    <subfield code="r">2024-10-15 10:09:57</subfield>
    <subfield code="w">2024-10-15</subfield>
    <subfield code="y">FA</subfield>
  </datafield>
  <datafield tag="999" ind1=" " ind2=" ">
    <subfield code="c">83276</subfield>
    <subfield code="d">83276</subfield>
  </datafield>
</record>
